000 01657cam a2200133 4500500
005 20260201002555.0
041 _afre
042 _adc
100 1 0 _aDanto, Ludovic
_eauthor
245 0 0 _aPersonne, droit et justice : La contribution du droit canonique dans l’expérience juridique contemporaine
260 _bÉditions du Cerf,
_c2024.
520 _aQuelle que soit la place du droit canonique au regard des droits séculiers qu’il rencontre – entre reconnaissance concordataire ou reconnaissance simple de règlement intérieur –, celui-ci offre un lieu de réflexion à l’expérience juridique contemporaine. En partant du trinôme « personne, droit, justice », le droit canonique entend proposer une réponse à l’art du juste pour aujourd’hui, entre principes universels, qu’ils soient théologiques, philosophiques, juridiques, ou sociologiques et normes particulières dans leur historicité ou positivité, et ce dans un dialogue constant avec les différents corpus de droits. Fruit du dix-septième Congrès de droit canonique de la Consociatio Internationalis studio iuris canonici promovendo, accueilli par la Faculté de droit canonique de l’Institut catholique de Paris, le présent ouvrage, entre fondements du droit et élaborations normatives, propose une interprétation du droit canonique dans sa théorie et sa pratique. Ce positionnement se confronte et répond à l’expérience des sujets de droit vivant un pluralisme juridique de fait en tant que citoyens et fidèles du Christ.
856 4 1 _uhttps://droit.cairn.info/personne-droit-et-justice--9782204158466?lang=fr&redirect-ssocas=7080
999 _c1638724
_d1638724